Statistics for Countries by Peninsula

Click here to take the quiz!

General Stats

  • This quiz has been taken 785 times
    (529 since last reset)
  • The average score is 22 of 24

Answer Stats

PeninsulaCountry% Correct
ArabianSaudi Arabia
100%
ScandinavianFinland
99%
KoreanNorth Korea
99%
ScandinavianNorway
99%
ArabianOman
99%
KoreanSouth Korea
99%
ScandinavianSweden
99%
ArabianYemen
99%
FloridaUnited States
98%
ArabianQatar
97%
SomaliSomalia
97%
ArabianUnited Arab Emirates
97%
MalayMalaysia
96%
IberianPortugal
96%
IberianSpain
96%
IberianAndorra
94%
CrimeaRussia
94%
ArabianBahrain
92%
ShandongChina
91%
MalayThailand
91%
YucatanMexico
86%
SinaiEgypt
84%
MalayMyanmar
83%
UngavaCanada
32%

Score Distribution

Percentile by Number Answered

Percent of People with Each Score

Your Score History

You have not taken this quiz since the last reset